000 00249nam a22001097a 4500
008 170125b xxu||||| |||| 00| 0 eng d
020 _a9780131194373
041 _aeng
080 _a61
245 _aPARAMEDIC LAB MANUAL
_cCAMPBELL, S
942 _2udc
_cBK
999 _c3670
_d3670